00753nam a2200217Ii 45000010006000000050017000060080041000230400033000640840012000971000037001092450064001462640055002103000027002653360028002923370028003203380028003486000050003766500043004266510029004697000037004984646220250919135325.0241108s9999||||xx |||||||||||||| ||und|| aCO-ViMGAbspaerdacCO-ViMGA aN GRA3y1 aGraves, Robertd1895-1985eautor10aYo, Claudio /cRobert Graves ; tradución Floreal Mazía 1aBogotá, Colombia :bCírculo de Lectores,c1981 a507 páginas c20 cm. atextobtxt2rdacontendo aunmediatedbn2rdamedia avolumenbnc2rdasoporte aClaudio, Emperador de Roma, d10 a. de JC-54.17aNovela histórica italiana. 2BLAAUTO aRoma xHistoriaySiglo I aFloreal, Mazía, etraducción